00505nam a2200193 a 4500001001300000003000900013005001700022008004100039020001000080082001500090100001900105245003800124260004700162300000900209500003500218505001000253650002900263700001900292nice12345678IN_TiNIC20260116012810.0050524s1957 newa grp 000 0 eng  ac10000a949.5bWAL aWalford, Naomi aByzantiumb Greatness and Decline aNew JerseybRutgers University Pressc1957 a357p aincludes index and biblioraphy2 aIndex aByzantine Empire-History1 aWalford, Naomi